Eastern Utah Libraries Catalog: Duchesne, Heber, Roosevelt, & Vernal

What do we eat? : (Record no. 406351)

MARC details
000 -LEADER
fixed length control field 02081aam a2200457 i 4500
001 - CONTROL NUMBER
control field in902895083
003 - CONTROL NUMBER IDENTIFIER
control field Ingram
005 - DATE AND TIME OF LATEST TRANSACTION
control field 20250402093939.0
008 - FIXED-LENGTH DATA ELEMENTS--GENERAL INFORMATION
fixed length control field 241025s2024 bcca c b 001 0 eng d
010 ## - LIBRARY OF CONGRESS CONTROL NUMBER
LC control number 2023948106
020 ## - INTERNATIONAL STANDARD BOOK NUMBER
International Standard Book Number 9781459836761
Qualifying information (hardcover)
020 ## - INTERNATIONAL STANDARD BOOK NUMBER
International Standard Book Number 1459836766
Qualifying information (hardcover)
035 ## - SYSTEM CONTROL NUMBER
System control number (OCoLC)1405205881
040 ## - CATALOGING SOURCE
Original cataloging agency TnLvILS
Language of cataloging eng
Description conventions rda
Transcribing agency TnLvILS
050 #4 - LIBRARY OF CONGRESS CALL NUMBER
Classification number GT2850
Item number .C54 2024
082 04 - DEWEY DECIMAL CLASSIFICATION NUMBER
Classification number 394.1/2
Edition number 23
100 1# - MAIN ENTRY--PERSONAL NAME
Personal name Clendenan, Megan,
Dates associated with a name 1977-
Relator term author.
9 (RLIN) 6542097
245 10 - TITLE STATEMENT
Title What do we eat? :
Remainder of title how humans find, grow and share food /
Statement of responsibility, etc Megan Clendenan ; illustrated by Meegan Lim.
263 ## - PROJECTED PUBLICATION DATE
Projected publication date 202409
264 #1 - Production, Publication, Distribution, Manufacture, and Copyright Notice.
Place of production, publication, distribution, manufacture Victoria, British Columbia :
Name of producer, publisher, distributor, manufacturer Orca Book Publishers,
Date of production, publication, distribution, manufacture, or copyr 2024.
300 ## - PHYSICAL DESCRIPTION
Extent 87 pages :
Other physical details illustrations (chiefly color) ;
Dimensions 28 cm.
336 ## - Content Type
Content type term text
337 ## - Media type
Media type term unmediated
338 ## - Carrier type
Carrier type term volume
490 1# - SERIES STATEMENT
Series statement Orca timeline
505 0# - FORMATTED CONTENTS NOTE
Formatted contents note Food on the go -- Under attack -- Grow it, raise it, find it, catch it -- Let's eat together! -- Enough for everyone.
521 1# - TARGET AUDIENCE NOTE
Target audience note 09-12.
521 2# - TARGET AUDIENCE NOTE
Target audience note 04-07.
588 ## -
-- Description based on publisher data; resource not viewed.
-- TLvILS
504 ## - BIBLIOGRAPHY, ETC. NOTE
Bibliography, etc Includes bibliographical references and index.
520 ## - SUMMARY, ETC.
Summary, etc Imagine carrying meals with you as you parachute into a war zone. Or trying to stay well fed while building the pyramids. People have always found ways to work together to put a meal on the table. What Do We Eat? is a delicious celebration of human creativity and cooperation, wrapped up in bite-sized slices of history, with a look at what scientists and inventors are cooking for the future.
650 #0 - SUBJECT ADDED ENTRY--TOPICAL TERM
Topical term or geographic name as entry element Food
Form subdivision Juvenile literature.
9 (RLIN) 5724397
650 #0 - SUBJECT ADDED ENTRY--TOPICAL TERM
Topical term or geographic name as entry element Food habits
Form subdivision Juvenile literature.
9 (RLIN) 5706410
650 #0 - SUBJECT ADDED ENTRY--TOPICAL TERM
Topical term or geographic name as entry element Food supply
Form subdivision Juvenile literature.
9 (RLIN) 6456179
650 #1 - SUBJECT ADDED ENTRY--TOPICAL TERM
Topical term or geographic name as entry element Food.
650 #1 - SUBJECT ADDED ENTRY--TOPICAL TERM
Topical term or geographic name as entry element Food habits.
650 #1 - SUBJECT ADDED ENTRY--TOPICAL TERM
Topical term or geographic name as entry element Food supply.
655 #7 - INDEX TERM--GENRE/FORM
Genre/form data or focus term Instructional and educational works.
Source of term lcgft
9 (RLIN) 5744223
700 1# - ADDED ENTRY--PERSONAL NAME
Personal name Lim, Meegan,
Dates associated with a name 1999-
Relator term illustrator.
9 (RLIN) 6542098
830 #0 - SERIES ADDED ENTRY--UNIFORM TITLE
Uniform title Orca timeline.
9 (RLIN) 6483269
Holdings
Withdrawn status Lost status Source of classification or shelving scheme Damaged status Not for loan Collection code Home library Current library Shelving location Date acquired Source of acquisition Total Checkouts Total Renewals Full call number Barcode Date last seen Date checked out Cost, replacement price Price effective from Koha item type
    Dewey Decimal Classification     Junior NonFiction Wasatch County Library Wasatch County Library Second Floor 06/04/2025   2 1 J 394 Clendenan 34301002156810 12/26/2025 11/03/2025 29.95 06/04/2025 BOOK
This project was made possible through a grant from the Institute of Museum and Library Service administered by the Utah State Library Division.

Wasatch County Library

  • 465 East 1200 South, Heber City, Utah 84032
  • Phone 435-654-1511 | Fax 435-654-6456

Hours

  • Monday - Friday 9:30 AM - 8:00 PM
  • Saturday 9:30 AM - 1:30 PM
  • Closed Sundays and Holidays